000
00297nam a2200121Ia 4500
005
20251222143239.0
008
251222s9999||||xx |||||||||||||| ||spa||
082
_a
332.153.8/R14
100
_a
Radovic, Vladimir
245
0
_a
Inter-American Development Bank in Peru
264
_b
IDB
942
_c
LIB
999
_c
14510
_d
14510